000
00233 a2200097 4500
001
77085
090
_c
39304
_d
39304
100
_a
Dale, Nell
245
_a
C++ plus data structures, 4th Ed
260
_a
London
_b
Jones & b Arlett Pub, london
_c
2007
942
_a
NUST-CAE
999
_c
312158
_d
312158